| 000 | 00678nam a22001937a 4500 | ||
|---|---|---|---|
| 999 |
_c11651 _d11651 |
||
| 003 | AR-CdUCM | ||
| 008 | 190404b ||||| |||| 00| 0 spa d | ||
| 040 |
_aMUNICIPALIDAD PROVINCIAL DEL CUSCO _cBIBLIOTECA MUNICIPAL DEL CUSCO |
||
| 082 |
_a869.56 / _bG71 / 1943 |
||
| 100 |
_aGonzales Lanuza, Eduardo _917222 |
||
| 245 | _aVariaciones sobre la poesía / | ||
| 260 |
_aBuenos Aires : _bSudamericana, _c1943. |
||
| 300 |
_a175 páginas ; _c17 cm. |
||
| 505 | _aLa creación poética -- Su ubicación -- Poesía y experiencia -- Su objetivo -- Los enemigos del alma... | ||
| 650 |
_aPoesía. _9139 |
||
| 650 |
_aTeoría poética. _929115 |
||
| 942 |
_2ddc _cLIBROS |
||
| 945 | _awfj | ||